Distritos de São Paulo adjacentes ao Rio Pinheiros - Statistics

Estatísticas Gerais
  • Esse quiz foi jogado 13 vezes
  • A pontuação média é 12 de 14
Respostas no mapa
Respostas codificadas por cores de uma escala verde-vermelha no mapa do quiz de acordo com a % correta abaixo.
 
Estatísticas das Respostas
Vila Leopoldina % Correto
Pinheiros
100%
Santo Amaro
100%
Alto de Pinheiros
90%
Butantã
90%
Cidade Dutra
90%
Itaim Bibi
90%
Jaguaré
90%
Morumbi
90%
Vila Leopoldina
90%
Socorro
80%
Vila Andrade
80%
Pedreira
70%
Campo Grande
60%
Jardim São Luís
60%
Nenhum quiz correspondente encontrado
Distribuição das Pontuações
Porcentagem de Pessoas com Cada Pontuação
Percentil de Números Respondidos
Sua Pontuação Histórica
Você não jogou esse quiz